000 00270nam a2200097Ia 4500
001 645065
005 20250826153616.0
008 250824s9999 xx 000 0 und d
245 0 _aKİBARLIK BUDALASI SEVDA DOKTORU ANTİK
_cMOLİERE
260 _bANTİK DÜNYA KLASİKLERİ
999 _c645065
_d645065